| 000 | 01271 a2200217 4500 | ||
|---|---|---|---|
| 001 | 47502 | ||
| 005 | 20260407155742.0 | ||
| 008 | 260407a2007 arg spa d | ||
| 003 | AR-UNSa-BCEJYS | ||
| 040 |
_aAR-UNSa-BCEJYS _bspa _cAR-UNSa-BCEJYS |
||
| 080 |
_a331.101.26 _xEconomía del trabajo |
||
| 245 | 1 | 0 |
_aTeorías económicas sobre el mercado de trabajo _pII. Nepclásicos y nuevos Keynesia nos |
| 020 | _a978-950-557-710-1 | ||
| 264 | 1 |
_aBuenos Aires : _bFondo de Cultura Económica _c2007 |
|
| 300 |
_a307 p. _c23 cm. |
||
| 505 | _a1. La teoría neoclásica ortodoxa y su interpretación del mercado laboral / Julio César Neffa - 2. Teoría de la búsqueda de empleo / Ramiro López Ghio - 3. La teoría del ciclo real de los negocios y su interpretación sobre el mercado laboral / Fernando Toledo - 4. La inversión en capital humano: sus efectos sobre las retribuciones / Julieta Albano y Julieta M. A. Salas - 5. Los nuevos economistas keynesianos y su interpretación sobre el mercado de trabajo / Pablo E. Pérez, Julieta Albano y Fernando Toledo. | ||
| 942 | _cBK | ||
| 590 | _aniveau_biblio:m niveau_hierar:0 | ||
| 100 | 1 | _aNeffa, Julio César | |
| 856 | 4 | 1 |
_uhttps://www.biblioeco.unsa.edu.ar/pmb/images/libros/L127538.jpg _yImagen de portada _qimage/jpeg |
| 999 |
_c4393 _d4393 |
||